000 00191 a2200097 4500
001 1273
100 _aLissaman,
245 _aEngineering design
260 _a
_bE.U.P.
_c
090 _c832
_d832
942 _aNUST-CAE
_cM
_c35067
999 _c236346
_d236346